| 000 | 00778cam a2200217 a 4500 | ||
|---|---|---|---|
| 001 | 000007143 | ||
| 005 | 20200929154058.0 | ||
| 008 | 920702s1969 ve a bc 001 0 spa | ||
| 040 |
_aDO-SdBNP _cDLC |
||
| 082 |
_a759.980934 _bD352p |
||
| 100 | 1 |
_aDelgado, Rafael _q(Rafael Delgado Sainz), _d1853-1914 _919818 |
|
| 245 | 1 | 3 |
_aLa pintura de H. Jaimes Sánchez / _cRafael Delgado. |
| 260 |
_aCaracas, Venezuela : _bInstituto Nacional de Cultura y Bellas Artes, _c1969. |
||
| 300 |
_a33 p. : _bil. ; _c17 cm. |
||
| 490 | 1 |
_aArte _vno. 11 |
|
| 504 | _aBibliografías: p. 31-33. | ||
| 600 | 1 | 0 |
_aJAIMES SÁNCHEZ, H. _q(HUMBERTO), _d1930- _xCATÁLOGOS. _919819 |
| 650 | 4 |
_aPintura venezolana _ySIGLO XIX _919820 |
|
| 830 | 0 |
_aArte ; _vno. 11. _919821 |
|
| 910 | _aCatalogación por copia / LC | ||
| 999 |
_c6924 _d6924 |
||